000 00962cam a2200289 a 4500
001 12489440
003 GBCCL
005 20241126110400.0
008 010731s2001 miu bd 000 0 eng
010 _a 2001272311
020 _a0801020751 (U.S.)
020 _z1842270828 (U.K.)
040 _aDLC
_cDLC
_dDLC
050 0 0 _aBR95
_b.E87 2001
082 0 0 _a230.0462403
_221
_bEVA
245 0 0 _aEvangelical dictionary of theology /
_cedited by Walter A. Elwell.
250 _a2nd ed.
260 _aGrand Rapids, Mich. :
_bBaker Academic ;
_aCarlisle, Cumbria, U.K. :
_bPaternoster Press,
_cc2001.
300 _a1312 p. ;
_c27 cm.
440 0 _aBaker reference library
_92719
504 _aIncludes bibliographical references.
650 0 _aTheology
_vDictionaries.
_91723
700 1 _aElwell, Walter A.
_91780
906 _a7
_bcbc
_corignew
_d2
_encip
_f20
_gy-gencatlg
942 _2ddc
_cREF
999 _c1376
_d1376